00702cam a22002174a 450000100090000000300040000900500170001300800410003001000170007102000150008804000130010304200100011604300120012608200150013824501040015326000550025730000290031250400540034165000540039571000350044916176585OSt20230704155948.0100408s2009 ke a b 000 0 eng  a 2010305214 a9966941622 aDLCcDLC alcode af-ke--- a364.4bKHR00aSurviving after torture :ba case digest on the struggle for justice by torture survivors in Kenya. a[Nairobi] :bKenya Human Rights Commission,c2009. a107 p. :bill. ;c25 cm. aIncludes bibliographical references (p. 106-107). 0aTorture victimsxLegal status, laws, etc.zKenya.2 aKenya Human Rights Commission.